• 首页
  • 本馆介绍
  • 公告通知
  • 最新文献
  • 馆藏检索
  • 电子资源
  • 读者导购
  • 参考咨询
  • 我的图书馆
  • 登录
  • 详细信息显示
  • 放入我的书架
  • 预约/预借图书
  • 作者相关作品
  • 分类相关作品
  • 丛书相关作品
  • 出版社相关作品

书目信息

  • 表格格式
  • 工作单格式
  • 卡片格式
题名:
你对工作有多尊重,你未来就能走多远
    
 
作者: 毅冰 著
分册:  
出版信息: 北京   北京大学出版社  2020
页数: 245页
开本: 21cm
丛书名:
单 册:
中图分类: B026-49 , B026
科图分类:
主题词: 工作方法--通俗读物
电子资源:
ISBN: 978-7-301-31286-5
000 00864nam0 2200229 450
001 2070017134
005 20201130094635.08
010    @a978-7-301-31286-5@dCNY39.00
100    @a20200727d2020 em y0chiy50 ea
101 0  @achi
102    @aCN@b110000
105    @ay z 000yy
200 1  @a你对工作有多尊重,你未来就能走多远@9ni dui gong zuo you duo zun zhong,ni wei lai jiu neng zou duo yuan@b专著@f毅冰著
210    @a北京@c北京大学出版社@d2020
215    @a245页@d21cm
330    @a本书分为五章。第一章为时间管理:时光不会辜负你。第二章为精力管理:职场背后的红与黑。第三章为情绪管理:职场生存之道。第四章为学习能力:让你拥有持续的竞争力。第五章为赤子之心:在浮躁的世界里坚守本心。
606 0  @a工作方法@j通俗读物
690    @aB026-49@v5
690    @aB026@v4
701  0 @a毅冰@9yi bing@4著
801  2 @aCN@b58marc.cn@c20200905
905    @aZUCC@dB026@e22
    
    你对工作有多尊重,你未来就能走多远/毅冰著.-北京:北京大学出版社,2020
    245页;21cm
    
    
    ISBN 978-7-301-31286-5:CNY39.00
    本书分为五章。第一章为时间管理:时光不会辜负你。第二章为精力管理:职场背后的红与黑。第三章为情绪管理:职场生存之道。第四章为学习能力:让你拥有持续的竞争力。第五章为赤子之心:在浮躁的世界里坚守本心。
●
相关链接 在五车中查询图书 在当当中查询图书 在豆瓣中查询图书


正题名:你对工作有多尊重,你未来就能走多远     索取号:B026/22         预约/预借

序号 登录号 条形码 馆藏地/架位号 状态 备注
1 871140   2000871140   第二书库/ [索取号:B026/22] 在馆    
2 871141   2000871141   第二书库/ [索取号:B026/22] 在馆    
3 871142   2000871142   第二书库/ [索取号:B026/22] 在馆    
山东省滨州职业学院图书馆 欢迎您!
大连网信软件有限公司© 版权所有